| 000 | 02621nam a2200421 a 4500 | ||
|---|---|---|---|
| 003 | CHAP | ||
| 005 | 20230919132309.0 | ||
| 007 | ta | ||
| 008 | 230918s1996 mx abdofr|||| 001 0 spa d | ||
| 020 | _a968-36-5028-7 | ||
| 020 | _a968-36-5029-5 | ||
| 020 | _a968-36-5030-9 | ||
| 040 |
_amxchpua _cCHAP _erda |
||
| 050 | 1 | 0 |
_aHD1415 _b.P67 1996 |
| 082 | 0 | 0 |
_a681.763 _bP67 1996 _220 |
| 245 | 1 | 0 |
_aPosibilidades para el desarrollo tecnológico del campo mexicano / _ccoordinadores José Luis Solleiro, María del Carmen del Valle y Ernesto Moreno |
| 250 | _a1a edición | ||
| 264 |
_aMéxico : _bCambio XXI, _c1996 |
||
| 300 |
_a2 tomos : _bilustraciones, mapas, gráficas, tablas, fotos |
||
| 336 |
_2rdacontent _atexto _btxt |
||
| 337 |
_2rdamedia _asin medio _bn |
||
| 338 |
_2rdacarrier _avolumen _bnc |
||
| 490 | 1 | _aLa estructura económica y social de México (UNAM. CIT) | |
| 504 | _aIncluye bibliografías | ||
| 520 | 2 | _aLas nuevas tendencias de la economía mundial hacia la globalización y el acelerado cambio tecnológico que promueve una reestructuración productiva sustentada en la incorporación deliberada y sistemática del progreso técnico, conducente a elevar la competitividad internacional, es el contexto en que se enmarca este libro. Se analizan también las condiciones de incorporación de México a la economía internacional y la participación en una zona de libre comercio con Estados Unidos y Canadá ante las cuales el gobierno de México ha optado por una apertura comercial con escasas restricciones y por una política económica que se orienta hacia la toma de decisiones por el libre juego de las fuerzas del mercado incluye las ponencias que se presentaron en el Seminario internacional de Innovación Tecnológica en Agricultura y la Agroindustria en México, donde se reunieron agentes del cambio técnico, y se discutieron libre y puntualmente los diferentes aspectos de esta problemática. | |
| 650 | 1 | 7 |
_91172 _aAgricultura _xAdopción de innovaciones |
| 650 | 1 | 7 |
_91172 _aAgricultura _xAspectos económicos |
| 650 | 1 | 3 |
_9151475 _aDesarrollo agricola _zMéxico |
| 650 | 1 | 3 |
_9151252 _aAgriculture _xInnovation adoption |
| 650 | 1 | 3 |
_9151252 _aAgriculture _xEconomic aspects |
| 650 | 1 | 3 |
_9187979 _aAgricultural development _zMexico |
| 700 | 1 |
_9108416 _aSolleiro Rebolledo, José Luis _ecoordinador |
|
| 700 | 1 |
_9117629 _aValle, María del Carmen del _ecoordinadora |
|
| 700 | 1 |
_978740 _aMoreno, Ernesto _ecoordinador |
|
| 830 |
_964220 _aLa estructura económica y social de México (UNAM. CIT) |
||
| 856 | 4 | 0 |
_uhttp://ru.iiec.unam.mx/1393/ _yDescargar PDF |
| 942 |
_2ddc _cLibro |
||
| 999 |
_c219158 _d219158 |
||